000 01113cab a22002295a 4500
001 L142221
008 080130e20080126xxk f 000 0 eng d
035 _a(Sirsi) u142221
041 0 _aeng
100 1 _aPilkington, Lisa
245 0 0 _aFocus
_bEast Midlands offices and retail
260 _c2008
490 _aEstates Gazette
_v(0803) 26 January 2008, 145-169(16)
520 _aProvides an overview of trends in the commercial property market in the area. Considers the possible introduction in Nottingham of a Workplace Parking Levy. Reports on forthcoming retail and office developments in Leicester which aim to bring greater cohesion to the city's structure. Reports on master planning in Lincoln. Derby's Castleward area is in line for much-needed regeneration. Developers in Northamptonshire are beginning to realise the need for a more significant office market in the area.
590 _aKA
651 4 _aEast Midlands (England)
690 _aPROPERTY-COMMERCIAL PROPERTY-COMMERCIAL PROPERTY MARKET
700 1 _aNeale, Jon
700 1 _aCoyne, Andy
700 1 _aHalstead, Ian
942 _n0
999 _c79750
_d79750